Word Ladder: Tools Quiz Stats

 Plays Quiz Updated Nov 12, 2017

Challenge
Share
Tweet
Embed
Score 0/24 Timer 03:00
1 Play Today
Clue 5-Letter Word % Correct
• Tool for telling time ••WATCH•
94.5%
FrightenSCARE
92.2%
• Tool for weighing ••SCALE•
91.4%
Dark Arts practitionerWITCH
90.9%
Marks left by skin damageSCARS
89.3%
Eye hole coveringPATCH
88.1%
Squeeze between two fingersPINCH
87.7%
War's nemesisPEACE
87.6%
Yellowish stone fruitPEACH
86%
• Tool for hoisting ••WINCH•
84.1%
Finish secondPLACE
83.2%
Sedimetary rock that breaks easilySHALE
81.9%
Clue 5-Letter Word % Correct
Glances through text casuallySCANS
81.9%
Sun shelterSHADE
81.8%
Bird roostPERCH
81.6%
Sow with seedsPLANT
81.2%
Make very dryPARCH
80.9%
• Tool for smoothing wood ••PLANE•
80.2%
• Tool for digging ••SPADE•
80.1%
Oblique or sloping directionSLANT
76.6%
Scarcely sufficientSCANT
74.3%
'Thus ___ Zarathustra'SPAKE
62.6%
• Tool for perforating metal ••PUNCH•
62.6%
• Tool for clearing clogged pipes ••SNAKE•
57.7%

Today's Daily Dose

You're not logged in!

Compare scores with friends on all Sporcle quizzes.
OR
Log In

You Might Also Like...

Show Comments

Extras

Top Quizzes Today


Score Distribution

Your Account Isn't Verified!

In order to create a playlist on Sporcle, you need to verify the email address you used during registration. Go to your Sporcle Settings to finish the process.

Report this User

Report this user for behavior that violates our Community Guidelines.

Details: